00611nam a2200181Ia 4500008004100000082001600041100001700057245003600074250000800110260002900118300000800147500002400155650001600179942000700195952010500202952010500307999001700412230524s9999 xx 000 0 und d a621.19bKUM aT.Anil Kumar 0aNetworks and Transmission Lines a1ST aNEW DELHIbPearsonc2004 a234 aQuantity Number: 2 aElectronics cBK 00104070aTATCLbTATCLcGENd2023-05-24l0o621.19 KUMp6133r2023-05-24w2023-05-24yBKzCPES5201 00104070aTATCLbTATCLcGENd2023-05-24l0o621.19 KUMp6134r2023-05-24w2023-05-24yBKzCPES5201 c17735d17735